000 00979nam a2200265 a 4500
001 BRCA_3468
005 20190320204310.0
041 _aeng
044 _aenk
084 _a757
_b.W37
_c1711
100 1 _aWard, Edward
_99046
245 1 0 _aThe Life and Notables Adventures of that Renowned Knight, Don Quixote de la Mancha
_cMerrily Translated into Hudibrastic Verse by Edward Ward.
260 _aLondres
_bT. Norris
_c1711-12
300 _a2 v.
_c21 cm.
500 _aEjemplar igual al anterior [756]. Piel Lúdovik Osterc
500 _aEstado físico : Deterioro por insectos (pececillos de plata)
546 _aTexto en : inglés
650 1 4 _aNovela española
_yÉpoca clásica, 1500-1700
_9215
650 1 4 _aLiteratura española
_yÉpoca clásica, 1500-1700
_9216
650 1 4 _aNovela española
_ySiglo XVII
_9217
650 1 4 _aDon Quijote (Personaje ficticio)
_eNovela
_9218
740 0 _aEl Ingenioso Hidalgo Don Quijote de la Mancha
902 _aQFM
942 _2lcc
_cB
999 _c3204
_d3204